export_success — 

Leading with kindness how good people consistently get superior results /

Bibliographic Details
Main Author: Baker, William F., 1942-
Corporate Author: ProQuest (Firm)
Other Authors: O'Malley, Michael, 1954-
Format: Electronic eBook
Language:English
Published: New York : American Management Association, c2008.
Subjects:
Online Access:Click to View
LEADER 01602nam a2200409 a 4500
001 EBC408761
003 MiAaPQ
005 20200520144314.0
006 m o d |
007 cr cn|||||||||
008 080424s2008 nyu sb 001 0 eng
010 |z  2008017990 
020 |z 9780814401569 
020 |z 0814401562 
035 |a (MiAaPQ)EBC408761 
035 |a (Au-PeEL)EBL408761 
035 |a (CaPaEBR)ebr10271804 
035 |a (CaONFJC)MIL175783 
035 |a (OCoLC)428738441 
040 |a MiAaPQ  |c MiAaPQ  |d MiAaPQ 
050 4 |a HD57.7  |b .B3475 2008 
082 0 4 |a 658.4/092  |2 22 
100 1 |a Baker, William F.,  |d 1942- 
245 1 0 |a Leading with kindness  |h [electronic resource] :  |b how good people consistently get superior results /  |c William F. Baker, Michael O'Malley. 
260 |a New York :  |b American Management Association,  |c c2008. 
300 |a xvii, 237 p. 
504 |a Includes bibliographical references and index. 
505 0 |a What kind leaders do -- Who kind leaders are -- Expectations matter -- Truth matters -- Growth matters -- Preparing the next generation of leaders. 
533 |a Electronic reproduction. Ann Arbor, MI : ProQuest, 2015. Available via World Wide Web. Access may be limited to ProQuest affiliated libraries. 
650 0 |a Leadership. 
650 0 |a Employee motivation. 
650 0 |a Organizational effectiveness. 
650 0 |a Kindness. 
655 4 |a Electronic books. 
700 1 |a O'Malley, Michael,  |d 1954- 
710 2 |a ProQuest (Firm) 
856 4 0 |u https://ebookcentral.proquest.com/lib/matrademy/detail.action?docID=408761  |z Click to View